La Sainte Bible ou L'Ancien et le Nouveau testament / (Record no. 152088)

MARC details
000 -LEADER
campo de control de longitud fija 00657nam a22001815i 4500
001 - NÚMERO DE CONTROL
campo de control 152088
003 - IDENTIFICADOR DE NÚMERO DE CONTROL
campo de control ES-MaACL
005 - FECHA Y HORA DE LA ÚLTIMA TRANSACCIÓN
campo de control 20230906204529.0
008 - DATOS DE LONGITUD FIJA--INFORMACIÓN GENERAL
campo de control de longitud fija 051007s1876 xxk | |||||||| ||eng d
040 ## - FUENTE DE CATALOGACIÓN
Centro catalogador/agencia de origen CAM
Lengua de catalogación spa
Centro/agencia transcriptor CAM
130 0# - ENTRADA PRINCIPAL--TÍTULO UNIFORME
Título uniforme Biblia.
Lenguaje de la obra Francés.
9 (RLIN) 119283
245 13 - MENCIÓN DEL TÍTULO
Título La Sainte Bible ou L'Ancien et le Nouveau testament /
Mención de responsabilidad, etc. d'après la version revue par J.F. Ostervald.
260 ## - PUBLICACIÓN, DISTRIBUCIÓN, ETC.
Lugar de publicación, distribución, etc. Cambridge :
Nombre del editor, distribuidor, etc. Société Biblique Britannique,
Fecha de publicación, distribución, etc. 1876 (
Fabricante Imprimerie de l'Université)
300 ## - DESCRIPCIÓN FÍSICA
Extensión [520] p. ;
Dimensiones 14 cm.
597 ## - NOTA DE DESCRIPCIÓN FÍSICA
NOTA DE DESCRIPCIÓN FÍSICA Sign: []\p2\s, A-2Y\p12\s, 2Z\p6\s.
700 1# - ENTRADA AGREGADA--NOMBRE PERSONAL
Nombre de persona Ostervald, J.F.
9 (RLIN) 130735
852 ## - LOCALIZACIÓN
Ubicación ES-MaACL
Número de control de estantería D-3379
Nota libre -- Enc. tela grab.
Holdings
Estatus retirado Estado de pérdida Estado de daño No para préstamo Colección Biblioteca de origen Biblioteca actual Ubicación en estantería Fecha de adquisición Fuente de adquisición Total de préstamos Signatura topográfica completa Código de barras Visto por última vez Precio de reemplazo Tipo de ítem Koha
        Libros del s. XIX Biblioteca del Ateneo de Madrid Biblioteca del Ateneo de Madrid Sala Valle Inclán 17/01/2008     D-3379 901158757 23/02/2023 23/02/2023 Libro impreso antiguo